00560 2200205 4500001002100000005001500021035002000036007000300056008004100059020002200100082000800122084001400130100002200144245008100166250001100247260004000258300003000298650001700328990000900345INLIS00000000000133320180124103917 a0010-0118000151ta180124 e 0 ind  a978-602-7595-21-7 a813 a813 SAH s0 asahidi,toni tegar1 aSepatu Terakhir :bNovel Unggulan Lomba Novel Republika /cToni Tegar Sahidi acet. 1 aJakarta Selatan :bRepublika,c2012 a307 hlm ;c13,5 x 20,5 cm aNovel Dewasa a5766